Инциденты и аварии в нефтяной и газовой промышленности (Запись № 4360507)

Подробности
000 -МАРКЕР
контрольное поле 02588nam0a2200397 4500
001 - ИДЕНТИФИКАТОР ЗАПИСИ
контрольное поле RU\NLR\bibl\2012619
005 - ИДЕНТИФИКАТОР ВЕРСИИ
контрольное поле 20250616213917.0
010 ## - МЕЖДУНАРОДНЫЙ СТАНДАРТНЫЙ НОМЕР КНИГИ (ISBN)
Номер (ISBN) 978-5-8393-0426-6
Тираж 50
021 ## - НОМЕР ГОСУДАРСТВЕННОЙ РЕГИСТРАЦИИ
Код страны Российская Федерация
Номер 2013-12556
Номер Листа государственной регистраци 897
021 ## - НОМЕР ГОСУДАРСТВЕННОЙ РЕГИСТРАЦИИ
Код страны Российская Федерация
Номер 2013-14303
Номер Листа государственной регистраци 1017
035 ## - ДРУГИЕ СИСТЕМНЫЕ НОМЕРА
Идентификатор записи (NLR Aleph) 002001114
100 ## - ДАННЫЕ ОБЩЕЙ ОБРАБОТКИ
Данные общей обработки 20130318d2012 |||y0rusy50 ca
101 0# - ЯЗЫК РЕСУРСА
Язык текста, звукозаписи и т.д. русский
102 ## - СТРАНА ПУБЛИКАЦИИ ИЛИ ПРОИЗВОДСТВА
Страна публикации Российская Федерация
105 ## - ПОЛЕ КОДИРОВАННЫХ ДАННЫХ: ТЕКСТОВЫЕ МАТЕРИАЛЫ, МОНОГРАФИЧЕСКИЕ
Кодированные данные о монографическом текстовом документе a |||||||||
200 1# - ЗАГЛАВИЕ И СВЕДЕНИЯ ОБ ОТВЕТСТВЕННОСТИ
Основное заглавие Инциденты и аварии в нефтяной и газовой промышленности
Сведения, относящиеся к заглавию учебное пособие для студентов высших учебных заведений, обучающихся по направлению 280200 "Защита окружающей среды"
Первые сведения об ответственности С.И. Одинцов, С.Ю. Ксандопуло, С.Ю. Маринин
Последующие сведения об ответственности М-во образования и науки Рос. Федерации, Федер. гос. бюджет. образоват. учреждение высш. проф. образования "Кубан. гос. технол. ун-т"
210 ## - ПУБЛИКАЦИЯ, РАСПРОСТРАНЕНИЕ И ДР.
Место издания, распространения и т.д. Краснодар
Имя издателя, распространителя и т. д. ФГБОУ ВПО "КубГТУ"
Дата издания, распространения и т.д. 2012
215 ## - ФИЗИЧЕСКАЯ ХАРАКТЕРИСТИКА
Специфическое обозначение материала и объем 173 с.
Другие сведения о физической характеристике ил.
Размеры 21
320 ## - ПРИМЕЧАНИЯ О НАЛИЧИИ В ДОКУМЕНТЕ БИБЛИОГРАФИИ / УКАЗАТЕЛЯ
Текст примечания Библиогр.: с. 172-173 (20 назв.)
606 1# - НАИМЕНОВАНИЕ ТЕМЫ КАК ПРЕДМЕТ
Наименование темы Газовые скважины
Формальный подзаголовок Учебные издания для высших учебных заведений
Тематический подзаголовок Аварии
-- Ликвидация
Системный номер авторитетной/нормативной записи 2104572
Идентификатор авторитетной/нормативной записи RU\NLR\auth\661576109
606 1# - НАИМЕНОВАНИЕ ТЕМЫ КАК ПРЕДМЕТ
Наименование темы Нефтяные скважины
Формальный подзаголовок Учебные издания для высших учебных заведений
Тематический подзаголовок Аварии
-- Ликвидация
Системный номер авторитетной/нормативной записи 2104567
Идентификатор авторитетной/нормативной записи RU\NLR\auth\661576107
606 1# - НАИМЕНОВАНИЕ ТЕМЫ КАК ПРЕДМЕТ
Наименование темы Газопроводы магистральные
Формальный подзаголовок Учебные издания для высших учебных заведений
Тематический подзаголовок Аварии
Системный номер авторитетной/нормативной записи 1425207
Идентификатор авторитетной/нормативной записи RU\NLR\auth\66290580
606 1# - НАИМЕНОВАНИЕ ТЕМЫ КАК ПРЕДМЕТ
Наименование темы Окружающая среда
Формальный подзаголовок Учебные издания для высших учебных заведений
Тематический подзаголовок Загрязнение отходами нефтегазовой промышленности
Системный номер авторитетной/нормативной записи 2140979
Идентификатор авторитетной/нормативной записи RU\NLR\auth\661290425
686 ## - ИНДЕКСЫ ДРУГИХ КЛАССИФИКАЦИЙ
Индекс Л54н6я73-1
686 ## - ИНДЕКСЫ ДРУГИХ КЛАССИФИКАЦИЙ
Индекс О76-082.03я73-1
686 ## - ИНДЕКСЫ ДРУГИХ КЛАССИФИКАЦИЙ
Индекс И131.09,7я73-1
700 #1 - ИМЯ ЛИЦА - ПЕРВИЧНАЯ ОТВЕТСТВЕННОСТЬ
Начальный элемент ввода Одинцов
Часть имени, кроме начального элемента ввода С. И.
Расширение инициалов личного имени Сергей Иванович
Код отношения Автор
701 #1 - ИМЯ ЛИЦА - АЛЬТЕРНАТИВНАЯ ОТВЕТСТВЕННОСТЬ
Код отношения Автор
Начальный элемент ввода Ксандопуло
Часть имени, кроме начального элемента ввода С. Ю.
Расширение инициалов личного имени Светлана Юрьевна
Системный номер авторитетной/нормативной записи 185951
Идентификатор авторитетной/нормативной записи RU\NLR\AUTH\770186002
701 #1 - ИМЯ ЛИЦА - АЛЬТЕРНАТИВНАЯ ОТВЕТСТВЕННОСТЬ
Начальный элемент ввода Маринин
Часть имени, кроме начального элемента ввода С. Ю.
Расширение инициалов личного имени Сергей Юрьевич
Код отношения Автор
801 #0 - ИСТОЧНИК ЗАПИСИ
Страна Российская Федерация
Организация NLR
Дата составления 20130318
Правила каталогизации RCR
801 #1 - ИСТОЧНИК ЗАПИСИ
Страна Российская Федерация
Организация NLR
Дата составления 20130318
942 ## - ДОПОЛНИТЕЛЬНЫЕ ЭЛЕМЕНТЫ ЗАПИСИ (АБИС)
Тип экземпляра АБИС Книга
980 ## - КОЛЛЕКЦИЯ
Название коллекции Национальная библиография
Экземпляры
Тип экземпляра Дата поступления Источник поступления Стоимость Библиотека постоянного хранения Библиотека текущего хранения Место хранения Штрих-код Статус экземпляра Шифр хранения
Книга 13.03.2013 Обязательный экземпляр 80.00 РНБ (Московский) РНБ (Московский) Обменный фонд 3844047    
Книга 18.03.2013 Обязательный экземпляр   РНБ (Московский) РНБ (Московский) Русский книжный фонд: издания с 1957 года 1-726397   2013-3/9004
Книга 03.04.2013 Обязательный экземпляр   РНБ (Московский) РНБ (Московский) Русский книжный фонд: издания с 1957 года 3859657   2013-3/9004